书目信息 |
| 题名: |
齐鲁戏台
|
|
| 作者: | 肖东发 主杨 ;秦贝臻 编著 | |
| 分册: | ||
| 出版信息: | 北京 现代出版社 2015 |
|
| 页数: | 164页 | |
| 开本: | 24cm | |
| 丛书名: | 中华精神家园 | |
| 单 册: | ||
| 中图分类: | J825.52 , J825 | |
| 科图分类: | ||
| 主题词: | 地方戏--介绍--山东省 | |
| 电子资源: | ||
| ISBN: | 978-7-5143-2515-7 | |
| 000 | 00828oam2 2200277 450 | |
| 001 | 2356624324 | |
| 005 | 20231128224841.07 | |
| 010 | @a978-7-5143-2515-7@dCNY29.80 | |
| 100 | @a20151101d2015 em y0chiy50 ea | |
| 101 | 0 | @achi |
| 102 | @aCN@b110000 | |
| 105 | @aa z 000yy | |
| 200 | 1 | @a齐鲁戏台@Aqi lu xi tai@e山东戏曲种类与艺术@f肖东发主编@g秦贝臻编著 |
| 210 | @a北京@c现代出版社@d2015 | |
| 215 | @a164页@c图@d24cm | |
| 225 | 2 | @a中华精神家园@i戏苑杂谈 |
| 410 | 0 | @12001 @a中华精神家园 |
| 462 | 0 | @12001 @a戏苑杂谈 |
| 517 | 1 | @a山东戏曲种类与艺术@Ashan dong xi qu zhong lei yu yi shu |
| 606 | 0 | @a地方戏@x介绍@y山东省 |
| 690 | @aJ825.52@v5 | |
| 690 | @aJ825@v4 | |
| 701 | 0 | @a肖东发@Axiao dong fa@4主杨 |
| 702 | 0 | @a秦贝臻@Aqin bei zhen@4编著 |
| 801 | 0 | @aCN@b91MARC@c20151101 |
| 905 | @aZUCC@dJ825@e35 | |
| 齐鲁戏台:山东戏曲种类与艺术/肖东发主编/秦贝臻编著.-北京:现代出版社,2015 |
| 164页:图;24cm.-(中华精神家园.戏苑杂谈) |
| ISBN 978-7-5143-2515-7:CNY29.80 |
| ● |
| 相关链接 |
|
|
|
正题名:齐鲁戏台
索取号:J825/35
 
预约/预借
| 序号 | 登录号 | 条形码 | 馆藏地/架位号 | 状态 | 备注 |
| 1 | 2001010111 | 2001010111 | 第四书库/四35架A面3层4列/ [索取号:J825/35] | 在馆 | |
| 2 | 2001010112 | 2001010112 | 第四书库/四35架A面3层4列/ [索取号:J825/35] | 在馆 | |
| 3 | 2001010113 | 2001010113 | 第四书库/四35架A面3层4列/ [索取号:J825/35] | 在馆 | |
| 4 | 2001010114 | 2001010114 | 第四书库/四35架A面3层4列/ [索取号:J825/35] | 在馆 | |
| 5 | 2001010115 | 2001010115 | 第四书库/四35架A面3层4列/ [索取号:J825/35] | 在馆 | |
| 6 | 2001010116 | 2001010116 | 第四书库/四35架A面3层4列/ [索取号:J825/35] | 在馆 |